000 01095nam a22002177a 4500
005 20141022142009.0
008 140911b xxu||||| |||| 00| 0 eng d
050 _aHD 30.4
_b.C597 2010
100 _aClarke, Simon.
245 _aIn company :
_belementary student's book with cd-rom /
_cSimon Clarke, Will Capel and Lynn Townsend
250 _a2nd ed.
260 _aOxford :
_bMacmillan Education,
_cc2010.
300 _a158 pages :
_bcolored illustration ;
_c30 cm.
_e+ 1 CD-ROM (4 3/4 in.)
520 _aThe second edition Student's Books contain clearly defined topic and skills-based units, real-world tasks and more case studies, all which are instantly relevant to everyday business life development. The CD-ROM has an interactive glossary and class audio as MP3 downloads.
650 _aEnglish language
_xBusiness English.
650 _aEnglish language
_xGrammar.
650 _aBusiness education.
650 _aEnglish language
_xBusiness English
_xTextbooks for foreign speakers.
650 _aEnglish language
_xBusiness English
_xProblems, exercises, etc.
942 _2lcc
_cBK
_kFOR
999 _c276684
_d276684